Native Americans and Anglo-American culture, 1750-1850 : the Indian Atlantic /
Investigating a transatlantic culture that flourished in Great Britain and North America between 1750 and 1850, this 2009 collection explains how complex relationships between Britons, Native Americans and Anglo-Americans shaped the literature and history of the age. This shaping role has all too of...
| Other Authors: | , |
|---|---|
| Format: | Book |
| Language: | English |
| Published: |
Cambridge, UK ; New York :
Cambridge University Press,
2009.
|
| Subjects: | |
| Online Access: | Table of contents only Publisher description Contributor biographical information |
MARC
| Tag | First Indicator | Second Indicator | Subfields |
|---|---|---|---|
| LEADER | 00000cam a22000004a 4500 | ||
| 001 | in00002476813 | ||
| 005 | 20151111044143.0 | ||
| 008 | 081114s2009 enka 001 0 eng | ||
| 010 | |a 2008049139 | ||
| 019 | |a 315075401 | ||
| 020 | |a 0521888484 | ||
| 020 | |a 9780521888486 | ||
| 029 | 1 | |a BWK |b L3818896 | |
| 029 | 1 | |a NLGGC |b 319897745 | |
| 029 | 1 | |a CDX |b 8982991 | |
| 035 | |a (OCoLC)261177566 | ||
| 035 | |a (OCoLC)ocn261177566 | ||
| 040 | |a DLC |c DLC |d BTCTA |d YDXCP |d BWKUK |d BWK |d CDX |d UtOrBLW | ||
| 049 | |a TXAM | ||
| 050 | 0 | 0 | |a PR448.I536 |b N37 2009 |
| 082 | 0 | 0 | |a 820.9/897 |2 22 |
| 245 | 0 | 0 | |a Native Americans and Anglo-American culture, 1750-1850 : |b the Indian Atlantic / |c edited by Tim Fulford and Kevin Hutchings. |
| 264 | 1 | |a Cambridge, UK ; |a New York : |b Cambridge University Press, |c 2009. | |
| 300 | |a xi, 263 pages : |b illustrations ; |c 24 cm. | ||
| 336 | |a text |b txt |2 rdacontent | ||
| 337 | |a unmediated |b n |2 rdamedia | ||
| 338 | |a volume |b nc |2 rdacarrier | ||
| 500 | |a Includes index. | ||
| 505 | 0 | |a List of illustrations -- Acknowledgements -- Notes on contributors -- Introduction : the Indian Atlantic / Tim Fulford and Kevin Hutchings -- The site of the struggle : colonialism, violence and the captive body / Robbie Richardson -- 'I shall tear off their scalps, and make cups of their skulls' : American Indians in the eighteenth-century British press / Troy Bickham -- Savages and men of feeling : North American Indians in Adam Smith's The theory of moral sentiments and Henry Mackenzie's The man of the world / Lise Sorensen -- Sir William Johnson's interest : Indian land and transatlantic power / Alan Taylor -- Representatives and representation : Southern Indians in eighteenth-century England / Stephanie Pratt -- 'And the truest schools for civilization are the forests of America': John O'Keeffe's The basket-maker and Robert Bage's Hermsprong / Helen Carr -- Theory and experience : Peter Fidler and the transatlantic Indian / Ted Binnema -- The sound of the Shaman : scientists and Indians in the Arctic / Tim Fulford -- William Wordsworth, William Cullen Bryant and the poetics of American Indian removal / Joel Pace -- 'The nobleness of the hunter's deeds' : British Romanticism, Christianity and Ojibwa culture in George Copway's Recollections of a forest life / Kevin Hutchings -- The savage tour : Indian performance across the Atlantic / Joshua David Bellin -- Index. | |
| 520 | |a Investigating a transatlantic culture that flourished in Great Britain and North America between 1750 and 1850, this 2009 collection explains how complex relationships between Britons, Native Americans and Anglo-Americans shaped the literature and history of the age. This shaping role has all too often been ignored or misconstrued by literary critics and historians. The book's chapters examine literary texts, travel accounts, traders' memoirs, historical documents, captivity narratives, autobiographies, newspaper articles, and visual arts. Its contributors chart the rise and fall of mixed communities living on the margins of white and Indian settlements, examining the role of 'cultural brokers' who used their expertise in both white and Indian cultures to mediate between them. | ||
| 650 | 0 | |a Indians in literature. | |
| 650 | 0 | |a English literature |y 18th century |x History and criticism. | |
| 650 | 0 | |a English literature |y 19th century |x History and criticism. | |
| 650 | 0 | |a American literature |y 19th century |x History and criticism. | |
| 650 | 0 | |a American literature |x Indian authors |x History and criticism. | |
| 700 | 1 | |a Fulford, Tim, |d 1962- | |
| 700 | 1 | |a Hutchings, Kevin |q (Kevin Douglas), |d 1960- | |
| 856 | 4 | 1 | |3 Table of contents only |u http://www.loc.gov/catdir/enhancements/fy0903/2008049139-t.html |t 0 |
| 856 | 4 | 2 | |3 Publisher description |u http://www.loc.gov/catdir/enhancements/fy0903/2008049139-d.html |t 0 |
| 856 | 4 | 2 | |3 Contributor biographical information |u http://www.loc.gov/catdir/enhancements/fy0903/2008049139-b.html |t 0 |
| 938 | |a Baker and Taylor |b BTCP |n BK0007962123 | ||
| 938 | |a YBP Library Services |b YANK |n 2933347 | ||
| 938 | |a Blackwell Book Service UK |b BBUK |n L3818896 |c 50.00 | ||
| 938 | |a Coutts Information Services |b COUT |n 8982991 | ||
| 945 | |a PromptCat |b 759128 | ||
| 946 | |a stk | ||
| 947 | |a A14839939607 | ||
| 945 | |a PromptCat | ||
| 946 | |a qatar | ||
| 947 | |a Q14800051391 | ||
| 948 | |a cataloged |b h |d 2009/8/6 |h c |e asalazar |f 11:19:58 am | ||
| 949 | |a updated-AC Qatar |b h |c 2013/7/22 |e agreen | ||
| 994 | |a 92 |b TXA | ||
| 999 | |a MARS | ||
| 999 | f | f | |s ed7536a6-69e0-3fb3-83ea-5ea766aa519c |i 93c74f9f-f39b-389f-bb61-3af2192c5e8a |t 0 |
| 952 | f | f | |p normal |a Texas A&M University |b College Station |c Sterling C. Evans Library |d Evans: Library Stacks |t 0 |e PR448.I536 N37 2009 |h Library of Congress classification |i unmediated -- volume |m A14839939607 |
| 998 | f | f | |a PR448.I536 N37 2009 |t 0 |l Evans: Library Stacks |